000 00897nam a2200229 i 4500
001 66107
003 ES-MaACL
005 20250802013158.0
007 t|
008 040127s1918 sp |||| |dspa d
100 1 _aGabriel y Galán, José María,
_d1870-1905
_953158
245 1 0 _aEpistolario de Gabriel y Galán /
_cJosé María Gabriel y Galán ; seleccionado por Mariano de Santiago Cividanes.
260 _aMadrid :
_bFernando Fe,
_c1918.
300 _a247 p. ;
_c19 cm.
530 _aDisponible en formato digital.
600 1 7 _aGabriel y Galán, José María,
_d1870-1905-
_vCorrespondencia
_2
_9170558
700 1 _aSantiago Cividanes, Mariano.
_9103394
852 _aES-MaACL
_jF-10926
_cSPP2
_zRevisado enlace: 21 de julio de 2025
856 4 _uhttp://bdh-rd.bne.es/viewer.vm?id=0000252483&page=1
_yBiblioteca Digital Hispánica
942 _2udc
999 _c66107
_d66107